| 000 | 00579nam a2200169 a 4500 | ||
|---|---|---|---|
| 001 | 000018731 | ||
| 005 | 20200929165841.0 | ||
| 008 | 100514s1968 ve ac r 000 0 spa d | ||
| 040 |
_aDO-SdBNP _bspa _cBNPHU |
||
| 082 |
_axxx _bG876a |
||
| 100 | 1 |
_aGropius, Walter, _d1883-1969 _940428 |
|
| 245 | 1 | 0 |
_aApolo en la democracia / _cWalter Gropius ; Traducción Norberto Silvetti Paz ; prólogo Carlos Raúl Villanueva. |
| 260 |
_aCaracas : _bEditorial Arte, _c1968. |
||
| 300 |
_a144 p. : _bil., retrs. ; _c26 cm. |
||
| 700 | 1 |
_aVillanueva, Carlos Raúl, _epról. _940429 |
|
| 049 | _aBNGR | ||
| 999 |
_c18251 _d18251 |
||